| 000 | 00693nam a2200241Ia 4500 | ||
|---|---|---|---|
| 003 | OSt | ||
| 005 | 20220925212416.0 | ||
| 006 | a|||||r|||| 00| 0 | ||
| 007 | ta | ||
| 008 | 220923b |||||||| |||| 00| 0 eng d | ||
| 037 | _cGeneral Book | ||
| 040 |
_aRTL _cRTL _beng |
||
| 041 |
_2eng _aeng |
||
| 082 | _aX:517.3.N53t:g, K6;1 | ||
| 100 |
_aRowley Charles K _9253724 |
||
| 245 | 0 | _aBritish Monopolies Commission | |
| 260 |
_aLondon _bAllen & Unwin _c1966 |
||
| 300 |
_a394p _ccm. |
||
| 500 | _aBibliography: P 384-388; Appendixes: P 379-383 | ||
| 650 | _aMonopoly | ||
| 942 |
_hX:517.3.N53t:g, K6;1 _cGB _2CC |
||
| 999 |
_c560277 _d560277 |
||